First and second last letters of countries that end in A -Sudden death - Statistics

General Stats
  • This quiz has been taken 26 times
    7 since last reset
  • The average score is 3 of 15
Answers on the Grid
Answers color-coded by a green-red scale on the quiz's grid according to % correct below.
rs
mc
cd
nr
ky
ti
ee
pa
ge
bi
ud
al
cl
ml
ei
mu
gl
be
bd
ni
ti
dr
pm
dt
lh
ai
sv
tg
ai
bu
 
Answer Stats
Answer % Correct
ky
60%
ti
60%
cd
40%
rs
40%
al
20%
ee
20%
ei
20%
ni
20%
ti
20%
ai
0%
ai
0%
ge
0%
gl
0%
pm
0%
ud
0%
No matching quizzes found
Score Distribution
Percent of People with Each Score
Percentile by Number Answered
Your Score History
You have not taken this quiz since the last reset